<?xml version="1.0" encoding="UTF-8"?><?xml-stylesheet type="text/xsl" href="static/style.xsl"?><OAI-PMH xmlns="http://www.openarchives.org/OAI/2.0/" xmlns:xsi="http://www.w3.org/2001/XMLSchema-instance" xsi:schemaLocation="http://www.openarchives.org/OAI/2.0/ http://www.openarchives.org/OAI/2.0/OAI-PMH.xsd"><responseDate>2026-04-30T00:21:35Z</responseDate><request verb="GetRecord" identifier="oai:uvadoc.uva.es:10324/1841" metadataPrefix="marc">https://uvadoc.uva.es/oai/request</request><GetRecord><record><header><identifier>oai:uvadoc.uva.es:10324/1841</identifier><datestamp>2021-06-23T11:26:35Z</datestamp><setSpec>com_10324_1174</setSpec><setSpec>com_10324_931</setSpec><setSpec>com_10324_894</setSpec><setSpec>col_10324_1342</setSpec></header><metadata><record xmlns="http://www.loc.gov/MARC21/slim" xmlns:doc="http://www.lyncode.com/xoai" xmlns:xsi="http://www.w3.org/2001/XMLSchema-instance" xmlns:dcterms="http://purl.org/dc/terms/" xsi:schemaLocation="http://www.loc.gov/MARC21/slim http://www.loc.gov/standards/marcxml/schema/MARC21slim.xsd">
<leader>00925njm 22002777a 4500</leader>
<datafield tag="042" ind1=" " ind2=" ">
<subfield code="a">dc</subfield>
</datafield>
<datafield tag="720" ind1=" " ind2=" ">
<subfield code="a">Solias Aris, María Teresa</subfield>
<subfield code="e">author</subfield>
</datafield>
<datafield tag="260" ind1=" " ind2=" ">
<subfield code="c">2007</subfield>
</datafield>
<datafield tag="520" ind1=" " ind2=" ">
<subfield code="a">En este artículo se propone una tipología de protolenguajes en función a la complejidad gramatical de los mismos y en función a la madurez y fisiología cognitiva de los sujetos hablantes.</subfield>
</datafield>
<datafield tag="024" ind2=" " ind1="8">
<subfield code="a">Revista Española de Lingüística, Enero/Diciembre de 2007, Vol. 36, p. 65-102</subfield>
</datafield>
<datafield tag="024" ind2=" " ind1="8">
<subfield code="a">2010-1874</subfield>
</datafield>
<datafield tag="024" ind2=" " ind1="8">
<subfield code="a">http://uvadoc.uva.es/handle/10324/1841</subfield>
</datafield>
<datafield tag="024" ind2=" " ind1="8">
<subfield code="a">65</subfield>
</datafield>
<datafield tag="024" ind2=" " ind1="8">
<subfield code="a">207</subfield>
</datafield>
<datafield tag="024" ind2=" " ind1="8">
<subfield code="a">102</subfield>
</datafield>
<datafield tag="024" ind2=" " ind1="8">
<subfield code="a">Revista Española de Lingüística</subfield>
</datafield>
<datafield tag="024" ind2=" " ind1="8">
<subfield code="a">36</subfield>
</datafield>
<datafield ind1=" " ind2=" " tag="653">
<subfield code="a">Psicolingüística</subfield>
</datafield>
<datafield ind1=" " ind2=" " tag="653">
<subfield code="a">Lenguaje-Adquisición</subfield>
</datafield>
<datafield ind1=" " ind2=" " tag="653">
<subfield code="a">Pidgins (Lenguas)</subfield>
</datafield>
<datafield ind1=" " ind2=" " tag="653">
<subfield code="a">Lenguas criollas</subfield>
</datafield>
<datafield tag="245" ind1="0" ind2="0">
<subfield code="a">Tipología protolingüística y surgimiento del lenguaje</subfield>
</datafield>
</record></metadata></record></GetRecord></OAI-PMH>